00530nam a22001817a 450000500170000001000150001702000260003202000230005803500130008103700130009408200110010710000180011824500560013626000400019227000520023230000240028450000400030820150107110727.0 aENG-111501 a9788174878861c450.00 a8174878866c450.00 aEN-95033 bDBAD/PUB a354.54 aKantesh Kumar aChallenges to Indian federalism /cby Kantesh kumar aNew DelhibRadha Publicationsc2014 a4231/1,Ansari Road,DaryaganjbNew Delhie110002 aix,182p. c22cm(Hb) aIncludes bibliographical references